Chemical Elements By Symbol - Statistics

General Stats
  • This quiz has been taken 1,333 times
    1,309 since last reset
  • The average score is 49 of 76
Answer Stats
Symbol Element % Correct
Au Gold
98%
H Hydrogen
97%
C Carbon
92%
Al Aluminum
90%
Mg Magnesium
90%
Cl Chlorine
89%
He Helium
89%
O Oxygen
88%
Li Lithium
87%
K Potassium
87%
Zn Zinc
87%
N Nitrogen
86%
Ag Silver
86%
Xe Xenon
86%
B Boron
85%
Ni Nickel
84%
Na Sodium
84%
Ti Titanium
83%
U Uranium
83%
Cu Copper
82%
F Fluorine
82%
Kr Krypton
82%
Pb Lead
82%
Ne Neon
81%
Si Silicon
81%
I Iodine
80%
Mn Manganese
79%
Ra Radium
78%
W Tungsten
78%
Sn Tin
76%
Br Bromine
75%
Hg Mercury
74%
S Sulfur
74%
Be Beryllium
72%
Ge Germanium
72%
Se Selenium
72%
Bi Bismuth
71%
Ga Gallium
70%
P Phosphorus
69%
Rn Radon
67%
Y Yttrium
66%
Zr Zirconium
64%
Pt Platinum
63%
Po Polonium
63%
Rb Rubidium
63%
In Indium
61%
Sr Strontium
61%
Os Osmium
58%
Am Americium
57%
Hf Hafnium
56%
Sb Antimony
52%
Es Einsteinium
50%
Pu Plutonium
46%
Re Rhenium
46%
Rh Rhodium
45%
Cf Californium
44%
Md Mendelevium
44%
Er Erbium
43%
Np Neptunium
42%
No Nobelium
42%
Tc Technetium
41%
Cm Curium
40%
Dy Dysprosium
40%
Gd Gadolinium
39%
Lr Lawrencium
39%
Lu Lutetium
39%
Sm Samarium
39%
Tl Thallium
39%
Bh Bohrium
38%
Nb Niobium
37%
Db Dubnium
34%
Ds Darmstadtium
33%
Pm Promethium
30%
Pr Praseodymium
29%
Tm Thulium
24%
Cn Copernicium
23%
No matching quizzes found
Score Distribution
Percent of People with Each Score
Percentile by Number Answered
Your Score History
You have not taken this quiz since the last reset